[Event "GER-ch U25-A"]
[Site "Willingen"]
[Date "2023.06.02"]
[Round "8"]
[White "Tulchynsky, David"]
[Black "Moeller, Tom"]
[Result "1-0"]
[WhiteElo "1660"]
[BlackElo "1417"]
[PlyCount "113"]
[EventDate "2023.05.27"]
[EventType "swiss"]
[EventRounds "9"]
[EventCountry "GER"]
[SourceTitle "CBM 214 Extra"]
[Source "ChessBase"]
[SourceDate "2023.07.31"]
[SourceVersion "1"]
[SourceVersionDate "2023.07.31"]
[SourceQuality "1"]

1. e4 c5 2. d4 cxd4 3. c3 d3 4. Bxd3 e5 5. Nf3 Nc6 6. 0-0 Nf6 7. c4 Bc5 8. Nc3 d6 9. h3 h6 10. a3 a5 11. Nd5 0-0 12. Be3 Be6 13. Qd2 Nd7 14. Ne1 Bxe3 15. Qxe3 Nd4 16. Nc2 Nb3 17. Rae1 Ndc5 18. f4 Bxd5 19. cxd5 f6 20. fxe5 fxe5 21. Bc4 Qb6 22. Bxb3 Qxb3 23. Qxb3 Nxb3 24. Rxf8+ Rxf8 25. Re3 Nd2 26. Re2 Rf1+ 27. Kh2 Nb3 28. Ne3 Nd4 29. Nxf1 Nxe2 30. Ne3 Nc1 31. Nc4 a4 32. Nxd6 Nd3 33. Nxb7 Kf7 34. Nd6+ Kf6 35. Nc4 Nf2 36. Nd2 Nd3 37. b4 Nc1 38. Nc4 Nb3 39. Kg3 Nd4 40. Nb2 Ne2+ 41. Kf3 Nc3 42. Ke3 Nb5 43. Nxa4 Nxa3 44. Kd3 Nb5 45. Nc3 Nd6 46. Kc2 Kg5 47. g3 h5 48. Kd3 h4 49. Ne2 hxg3 50. Nxg3 Kf4 51. Nh5+ Kf3 52. Nxg7 Nxe4 53. Nf5 Nf6 54. d6 e4+ 55. Kd2 Kf4 56. Ne3 Ke5 57. Ng4+ 1-0

[Event "GER-ch U25-A"]
[Site "Willingen"]
[Date "2023.05.31"]
[Round "5"]
[White "Moeller, Tom"]
[Black "Kieselbach, Jannik"]
[Result "0-1"]
[WhiteElo "1417"]
[BlackElo "1765"]
[PlyCount "48"]
[EventDate "2023.05.27"]
[EventType "swiss"]
[EventRounds "9"]
[EventCountry "GER"]
[SourceTitle "CBM 214 Extra"]
[Source "ChessBase"]
[SourceDate "2023.07.31"]
[SourceVersion "1"]
[SourceVersionDate "2023.07.31"]
[SourceQuality "1"]

1. d4 Nf6 2. Nc3 d5 3. Bf4 c5 4. e3 cxd4 5. exd4 Bg4 6. Be2 Bxe2 7. Qxe2 e6 8. 0-0-0 a6 9. Nf3 Bd6 10. Ne5 Nc6 11. Rd3 Qc7 12. Kb1 0-0 13. Re1 Rac8 14. Bg5 Ne4 15. Nxe4 dxe4 16. Rh3 Nxd4 17. Qh5 Qxc2+ 18. Ka1 e3 19. Bxe3 Qe4 20. Nd3 Nc2+ 21. Kb1 Qxd3 22. Rd1 Na3+ 23. Ka1 Qb1+ 24. Rxb1 Nc2# 0-1

[Event "GER-ch U25-A"]
[Site "Willingen"]
[Date "2023.05.28"]
[Round "2"]
[White "Hofmann, Lorenz"]
[Black "Moeller, Tom"]
[Result "1-0"]
[WhiteElo "2061"]
[BlackElo "1417"]
[PlyCount "44"]
[EventDate "2023.05.27"]
[EventType "swiss"]
[EventRounds "9"]
[EventCountry "GER"]
[SourceTitle "CBM 214 Extra"]
[Source "ChessBase"]
[SourceDate "2023.07.31"]
[SourceVersion "1"]
[SourceVersionDate "2023.07.31"]
[SourceQuality "1"]

1. e4 c5 2. Nf3 e6 3. d4 cxd4 4. Nxd4 Nc6 5. Nc3 Qc7 6. Qd3 a6 7. Nxc6 bxc6 8. Qg3 Qxg3 9. hxg3 d5 10. Bd3 Nf6 11. Bd2 Bc5 12. f3 h6 13. g4 h5 14. 0-0-0 Ke7 15. Bg5 Bd4 16. Ne2 Be5 17. f4 dxe4 18. fxe5 exd3 19. Rxd3 Bb7 20. gxh5 c5 21. h6 a5 22. Rhd1 Bd5 1-0

[Event "Krefeld op"]
[Site "Krefeld"]
[Date "2022.08.08"]
[Round "9"]
[White "Goedde, Patrick"]
[Black "Moeller, Tom"]
[Result "1-0"]
[WhiteElo "2062"]
[BlackElo "1246"]
[PlyCount "55"]
[EventDate "2022.08.04"]
[EventType "swiss"]
[EventRounds "9"]
[EventCountry "GER"]
[SourceTitle "CBM 209 Extra"]
[Source "ChessBase"]
[SourceDate "2022.09.30"]
[SourceVersion "1"]
[SourceVersionDate "2022.09.30"]
[SourceQuality "1"]

1. d4 d5 2. c4 e6 3. Nc3 f5 4. Qb3 c6 5. Nf3 Nf6 6. Bg5 Nbd7 7. e3 Be7 8. Bd3 0-0 9. cxd5 cxd5 10. 0-0 Ne4 11. Bxe7 Qxe7 12. Rfc1 Ndf6 13. Ne5 Nd7 14. f3 Nxe5 15. dxe5 Nc5 16. Qa3 Re8 17. Bxf5 exf5 18. Nxd5 Qxe5 19. Qxc5 Bd7 20. f4 Qxb2 21. Rcb1 Rac8 22. Qd6 Qe2 23. Qxd7 Red8 24. Qxf5 Rc2 25. Ne7+ Kh8 26. Qh3 Rdd2 27. Ng6+ Kg8 28. Qe6# 1-0

[Event "Krefeld op"]
[Site "Krefeld"]
[Date "2022.08.04"]
[Round "1"]
[White "Moeller, Tom"]
[Black "Bashirov, Kemal"]
[Result "1-0"]
[WhiteElo "1246"]
[BlackElo "2032"]
[PlyCount "101"]
[EventDate "2022.08.04"]
[EventType "swiss"]
[EventRounds "9"]
[EventCountry "GER"]
[SourceTitle "CBM 209 Extra"]
[Source "ChessBase"]
[SourceDate "2022.09.30"]
[SourceVersion "1"]
[SourceVersionDate "2022.09.30"]
[SourceQuality "1"]

1. d4 Nf6 2. Nc3 d5 3. Bf4 e6 4. e3 a6 5. Bd3 c5 6. dxc5 Bxc5 7. Nf3 Nc6 8. 0-0 Nh5 9. Bg5 Be7 10. Bxe7 Qxe7 11. Nd4 Nf6 12. Nxc6 bxc6 13. e4 d4 14. Ne2 e5 15. f4 0-0 16. Qd2 c5 17. c3 Bb7 18. fxe5 Qxe5 19. Rf5 Qe7 20. e5 Ne4 21. Qf4 g6 22. Bxe4 Bxe4 23. Rf6 Bd3 24. Ng3 dxc3 25. bxc3 Rfe8 26. Re1 Rab8 27. h3 Rb2 28. Re3 c4 29. Rf3 Rb7 30. Re3 Qc5 31. Kh2 a5 32. Rd6 Rbe7 33. Nh5 gxh5 34. Rdxd3 Rxe5 35. Rg3+ Kf8 36. Rd7 R8e7 37. Qh6+ Ke8 38. Rd6 R7e6 39. Rg8+ Ke7 40. Qf8+ Kf6 41. Qd8+ Kf5 42. Qg5+ Ke4 43. Rd4+ Qxd4 44. Qh4+ Kd3 45. Qxd4+ Kc2 46. Rd8 Re2 47. Qxc4 Re1 48. Qb3+ Kc1 49. Rd3 R6e2 50. c4 Rc2 51. Rc3 1-0

[Event "Niedersachsen-ch op-C"]
[Site "Verden an der Aller"]
[Date "2020.01.04"]
[Round "5"]
[White "Moeller, Tom"]
[Black "Braun, Hannes"]
[Result "0-1"]
[WhiteElo "1282"]
[BlackElo "1241"]
[PlyCount "52"]
[EventDate "2020.01.02"]
[EventType "swiss"]
[EventRounds "7"]
[EventCountry "GER"]
[SourceTitle "EXT 2023"]
[Source "ChessBase"]
[SourceDate "2022.10.05"]
[SourceVersion "1"]
[SourceVersionDate "2022.10.05"]
[SourceQuality "1"]

1. d4 d5 2. Nc3 Nf6 3. Bf4 Nc6 4. Nb5 e5 5. dxe5 Nh5 6. e3 Nxf4 7. exf4 Be6 8. Nf3 Bc5 9. Ng5 a6 10. Nxe6 fxe6 11. Nc3 0-0 12. g3 Nxe5 13. fxe5 Bxf2+ 14. Ke2 Qg5 15. Qd3 Qxe5+ 16. Kd2 Qg5+ 17. Kd1 c5 18. Bg2 c4 19. Qd2 Be3 20. Qe2 Rf2 21. Qxf2 Bxf2 22. Rf1 Qh5+ 23. Ne2 Rf8 24. Kd2 Qe5 25. c3 Qe3+ 26. Kd1 Qd3+ 0-1

[Event "GER-ch U10"]
[Site "Willingen"]
[Date "2019.06.14"]
[Round "10"]
[White "Guo, Jacob Tingshen"]
[Black "Moeller, Tom"]
[Result "1-0"]
[WhiteElo "1420"]
[BlackElo "1229"]
[PlyCount "93"]
[EventDate "2019.06.08"]
[EventType "swiss"]
[EventRounds "11"]
[EventCountry "GER"]
[SourceTitle "CBM 191 Extra"]
[Source "ChessBase"]
[SourceDate "2019.09.30"]
[SourceVersion "1"]
[SourceVersionDate "2019.09.30"]
[SourceQuality "1"]

1. d4 Nf6 2. c4 e6 3. Nc3 d5 4. Nf3 c5 5. Bg5 dxc4 6. e3 Nc6 7. dxc5 Bxc5 8. Qxd8+ Kxd8 9. Bxc4 h6 10. Bh4 Bd7 11. 0-0-0 Rc8 12. Bb5 a6 13. Bxc6 Rxc6 14. Ne5 Ke8 15. Bxf6 Rd6 16. Bxg7 Rg8 17. Bxh6 Rxg2 18. Nxd7 Rxd7 19. Rxd7 Kxd7 20. Kd1 Rxf2 21. Kc1 f5 22. Bf4 Bd6 23. Rd1 Rxf4 24. exf4 Kc6 25. Rf1 Kc5 26. h4 Kd4 27. h5 Ke3 28. h6 Bxf4 29. Rxf4 Kxf4 30. h7 e5 31. h8Q e4 32. Qh1 e3 33. Qf1+ Ke5 34. Ne2 Ke4 35. Ng3+ Kd4 36. Nxf5+ Ke4 37. Nxe3 Kxe3 38. Qc4 b5 39. Qe6+ Kd4 40. Qxa6 Ke3 41. Qxb5 Kf2 42. Qd3 Kg1 43. Qe2 Kh1 44. Kd2 Kg1 45. Ke3 Kh1 46. Kf3 Kg1 47. Qg2# 1-0